| 000 | 00359nam a2200145Ia 4500 | ||
|---|---|---|---|
| 008 | 191201s2012 xx 000 0 und d | ||
| 082 |
_a658.15 _bRRF |
||
| 100 | _aBRIGHAM, Eugene F | ||
| 245 | 0 | _aFinancial Management Theory and Practice | |
| 250 | _a11th | ||
| 260 |
_aN.Delhi _bCENGAGE Learning _c2012 |
||
| 300 | _a1067 | ||
| 650 | _aMBA | ||
| 942 |
_2ddc _cBK |
||
| 999 |
_c2890 _d2890 |
||